| 000 | 00990nam a22002177a 4500 | ||
|---|---|---|---|
| 003 | OSt | ||
| 005 | 20260303144845.0 | ||
| 008 | 260303b |||||||| |||| 00| 0 eng d | ||
| 020 | _a9781718501249 | ||
| 040 | _cSoET Library | ||
| 082 | _a005.133 SWE | ||
| 100 |
_aSweigart, Al _93041 |
||
| 245 | _aBig Book of Small Python Projects: 81 Easy Practice Programs | ||
| 260 |
_aSan Francisco : _bNo Starch Press, _c2021 |
||
| 300 | _axxvi, 403p. : ill | ||
| 520 | _apractice re-creating the programs and experiment by adding your own custom touches. These simple, text-based programs are 256 lines of code or less. And whether it’s a vintage screensaver, a snail-racing game, a clickbait headline generator, or animated strands of DNA, each project is designed to be self-contained so you can easily share it online. | ||
| 650 |
_aPython (Computer program language) _997 |
||
| 650 |
_aComputer programming _92221 |
||
| 650 |
_aComputer games - Programming _93042 |
||
| 942 |
_2ddc _cBK |
||
| 999 |
_c10161 _d10161 |
||